[Event "Dortmund op-A"]
[Site "Dortmund"]
[Date "1992.??.??"]
[Round "10"]
[White "Lutz, Christopher"]
[Black "Boensch, Uwe"]
[Result "1-0"]
[WhiteElo "2540"]
[BlackElo "2500"]
[Annotator "Boensch,U"]
[PlyCount "71"]
[EventDate "1992.04.??"]
[EventType "swiss"]
[EventRounds "11"]
[EventCountry "GER"]
[SourceTitle "CBM 029"]
[Source "ChessBase"]
[SourceDate "1992.08.01"]
[SourceVersion "1"]
[SourceVersionDate "1992.08.01"]
[SourceQuality "1"]

1. e4 c5 2. Nf3 e6 3. d4 cxd4 4. Nxd4 Nf6 5. Nc3 d6 6. g4 h6 7. h4 a6 8. Bg2 g6
9. g5 hxg5 10. Bxg5 Be7 11. Qd2 (11. Qe2 {N} e5 12. Nb3 Be6 13. O-O-O Nbd7 14.
Bh3 Qc7 15. f4 exf4 16. Bxf4 Nh5 17. Bxe6 fxe6 $10 {Hort,V-Boensch,U Bad
Neuenahr (ch) 1991}) 11... e5 12. Nb3 {N} (12. Nde2) 12... Be6 13. O-O-O Nbd7
14. Kb1 Rc8 15. f4 exf4 16. Nd5 Bxd5 $2 (16... Nxd5 17. exd5 Bg4 (17... Bf5 $2
18. Nd4 $16) 18. Rde1 Ne5 19. Qxf4 Rc4 $13) 17. exd5 f3 18. Bxf3 Ne5 19. Qe3 $1
$16 Nh5 20. Be2 Qc7 21. c4 f6 22. Bf4 Qd7 23. Bxe5 fxe5 24. Rdg1 $18 Nf4 25.
Bg4 Qc7 26. Bxc8 Qxc8 27. c5 Qf5+ 28. Kc1 dxc5 29. Rd1 b6 30. d6 Bf6 31. Nd2
Rxh4 32. Rxh4 Bxh4 33. Nc4 e4 34. Qb3 Qe6 35. d7+ Kd8 36. Rd6 {Boensch} 1-0

[Event "Blackpool zt"]
[Site "Blackpool"]
[Date "1990.??.??"]
[Round "?"]
[White "Adams, Michael"]
[Black "Suba, Mihai"]
[Result "1/2-1/2"]
[WhiteElo "2555"]
[BlackElo "2505"]
[Annotator "Boensch,U"]
[PlyCount "42"]
[EventDate "1990.05.??"]
[EventType "tourn"]
[EventRounds "11"]
[EventCountry "ENG"]
[EventCategory "8"]
[SourceTitle "CBM 018"]
[Source "ChessBase"]
[SourceDate "1990.10.01"]
[SourceVersion "1"]
[SourceVersionDate "1990.10.01"]
[SourceQuality "1"]

1. e4 {Bönsch} c5 2. Nf3 d6 3. d4 Nf6 4. Nc3 cxd4 5. Nxd4 e6 6. g4 h6 7. Rg1 a6
8. h4 Qa5 $5 {N} (8... d5 9. exd5 Nxd5 10. Nxd5 Qxd5 11. Be3 Be7 12. g5 e5 13.
Bg2 Qc4 14. Nb3 Be6 $1 15. c3 Nc6 $10 {Ghinda - Bönsch Budapest 1986}) 9. Nb3
Qc7 10. g5 hxg5 11. hxg5 Nfd7 12. g6 Ne5 13. gxf7+ Qxf7 14. Be2 (14. f4 $2 Be7
$1 15. fxe5 Rh2 16. Be2 $8 Bh4+ 17. Kd2 Qf4+ 18. Kd3 Rh3+ 19. Kc4 d5+ $19)
14... Nbc6 15. Be3 Be7 16. Qd2 Nf3+ 17. Bxf3 Qxf3 18. Nd4 Ne5 (18... Nxd4 19.
Qxd4 $13 (19. Bxd4 Rh1) 19... Bf6 20. Qxd6) 19. Nxf3 Nxf3+ 20. Ke2 Nxd2 21.
Kxd2 Kf7 {= / =/+} 1/2-1/2

[Event "Reykjavik"]
[Site "Reykjavik"]
[Date "1992.??.??"]
[Round "1"]
[White "Kotronias, Vasilios"]
[Black "Arnason, Jon Loftur"]
[Result "1/2-1/2"]
[WhiteElo "2560"]
[BlackElo "2515"]
[Annotator "Boensch,U"]
[PlyCount "75"]
[EventDate "1992.03.??"]
[EventType "tourn"]
[EventRounds "11"]
[EventCountry "ISL"]
[EventCategory "11"]
[SourceTitle "CBM 028"]
[Source "ChessBase"]
[SourceDate "1992.06.01"]
[SourceVersion "1"]
[SourceVersionDate "1992.06.01"]
[SourceQuality "1"]

1. e4 {Ernst} c5 2. Nf3 d6 3. d4 cxd4 4. Nxd4 Nf6 5. Nc3 a6 6. Be3 e6 7. g4 e5
8. Nf5 g6 9. g5 gxf5 10. exf5 (10. gxf6 f4 11. Bc4 Be6 12. Bxe6 fxe6 13. Qh5+
Kd7 14. Qf7+ Kc6 15. Bd2 Qd7 16. Qh5 b5 17. a4 b4 18. Ne2 a5 $15 {Ljubojevic,
L-Polugaevsky,L Roquebrune 1992}) 10... d5 11. gxf6 (11. Qf3 d4 12. O-O-O Nbd7
13. Bd2 (13. gxf6 {Ernst} dxc3 14. Bc4 Qxf6 15. Rhg1 $1 $44 {Badzarani -
Rybincev, URS 1989}) 13... Qc7 {N} 14. Bd3 Nc5 15. Bc4 $13 {Wedberg,T-Novikov,
I Kopenhagen 1991}) 11... d4 12. Bc4 Qc7 (12... Qxf6 13. Nd5 Qc6 14. Bxd4 Bb4+
15. c3 Qxc4 16. Be3 (16. Bxe5 $2 Qe4+ $19) 16... Be7 17. Nb6 Qc6 18. Rg1 Nd7
19. Nxa8 b5 20. Qd5 Qb7 21. O-O-O Bd8 22. f6 Qxd5 23. Rxd5 Bb7 24. Rd6 Bxa8 25.
Rgd1 Bf3 26. Rxd7 Bxd1 27. Rxd1 $18 {Thorhallsson,T-Arnason,J Reykjavik 1992})
13. Qd3 dxc3 14. O-O-O Nc6 15. Rhe1 cxb2+ 16. Kb1 Bb4 17. Rg1 (17. c3 {Ernst}
Ba3 18. Bf4 Qd7 $1 19. Bd5 Qxd5 $1 20. Qxd5 Bxf5+ 21. Rd3 O-O $1 $10 {
Sigurjonsson - Olafsson,H, Island 1984.}) 17... Rf8 (17... Bd7 $2 18. Bxf7+
Kxf7 19. Rg7+ $18) 18. f4 exf4 (18... Bd7 19. Bb6 $18) 19. Bxf4 Qxf4 20. Rge1+
Bxe1 21. Rxe1+ Be6 (21... Ne5 $2 {Ernst} 22. Qd6 $1 Qc1+ 23. Rxc1 bxc1=Q+ 24.
Kxc1 Nc6 25. Bd5 $1 $18) 22. fxe6 Qd4 (22... Rd8 23. exf7#) (22... Ne5 23. Qd6
(23. Rxe5 $4 Qc1#) 23... Qxf6 24. Rxe5 $18) 23. exf7+ Kd8 24. Qxd4+ Nxd4 25.
Rd1 Kc7 26. Rxd4 Rad8 27. Rg4 (27. Rh4 {Ernst} Rd6 $1 $14) 27... Kd6 28. Rg5 (
28. Rg7 Ke5) 28... Rc8 29. Bb3 Rc5 30. Rg8 Rcc8 31. Rg7 h6 32. Kxb2 Ke5 33. Rg6
Kf5 34. Rxh6 Rh8 35. Rxh8 Rxh8 36. Kc3 Kxf6 37. Kb4 b6 38. Bc4 {Boensch} (38.
Bc4 Ke7 39. Bxa6 Kxf7 $10) 1/2-1/2

[Event "Capablanca Memorial-17"]
[Site "Cienfuegos"]
[Date "1981.05.29"]
[Round "6"]
[White "Tseshkovsky, Vitaly"]
[Black "Boensch, Uwe"]
[Result "1-0"]
[WhiteElo "2530"]
[BlackElo "2455"]
[Annotator "Boensch,U"]
[PlyCount "53"]
[EventDate "1981.05.22"]
[EventType "tourn"]
[EventRounds "13"]
[EventCountry "CUB"]
[EventCategory "9"]
[SourceTitle "EXT 2012"]
[Source "ChessBase"]
[SourceDate "2011.11.24"]
[SourceVersion "1"]
[SourceVersionDate "2011.11.24"]
[SourceQuality "1"]

{SCHACH 8/1981 Seite 356 und Inf 32/300} 1. e4 c5 2. Nf3 d6 3. d4 cxd4 4. Nxd4
Nf6 5. Nc3 e6 6. g4 Nc6 7. g5 Nd7 8. Be3 Nde5 $6 {Ein selten gespielter Zug.} (
{Normalerweise geschieht} 8... a6 {Danach könnte sich das Spiel wie folgt
entwickeln:} 9. h4 Be7 10. Rg1 Na5 $5 {Neuerung von Petrosian,T.}) 9. h4 $1 (9.
f4 $2 Nxd4 10. Bxd4 Nc6 11. Be3 Be7 {/\ h6}) 9... a6 10. Qe2 Na5 11. b3 $1 Qc7
$6 (11... Nac6 {nebst Da5 war genauer.}) 12. Nd1 d5 $2 ({Besser war} 12... Nac6
13. c3 Be7) 13. exd5 Bb4+ 14. Bd2 Bxd2+ 15. Qxd2 exd5 16. Bg2 O-O 17. Ne3 {
Jetzt stehen die weißen Leichtfiguren ideal.} Nec6 $1 18. O-O-O Be6 19. h5 Nxd4
({Mit} 19... Qe5 {konnte sich Schwarz wesentlich hartnäckiger verteidigen.})
20. Qxd4 Nc6 21. Qb2 $1 {Jetzt bekommt Schwarz die Diagonalea1-h8 nicht mehr
unter Kontrolle.[#]} d4 22. Bxc6 dxe3 23. h6 f6 24. hxg7 Rfd8 $2 ({Richtig war
} 24... Rf7 $1 25. g6 $2 ({Oder} 25. Be4 f5 26. g6 Rxg7 27. Rxh7 exf2 $1) 25...
hxg6 $1 26. Rh8+ Kxg7 27. Rxa8 e2 $1 28. Re1 Qxc6 {und unklarem Spiel.}) 25.
Rxd8+ $1 Qxd8 (25... Rxd8 26. Qxf6) 26. Be4 h5 27. fxe3 {Am einfachsten. Mit
zwei Bauern weniger und schlechter Stellung ist jeder Widerstand sinnlos
geworden.} 1-0

[Event "Groningen"]
[Site "Groningen"]
[Date "1991.??.??"]
[Round "3"]
[White "Akopian, Vladimir Eduardovic"]
[Black "Brenninkmeijer, Joris"]
[Result "1-0"]
[WhiteElo "2590"]
[BlackElo "2525"]
[Annotator "Boensch,U"]
[PlyCount "69"]
[EventDate "1991.12.??"]
[EventType "tourn"]
[EventRounds "9"]
[EventCountry "NED"]
[EventCategory "13"]
[SourceTitle "CBM 027"]
[Source "ChessBase"]
[SourceDate "1992.04.01"]
[SourceVersion "1"]
[SourceVersionDate "1992.04.01"]
[SourceQuality "1"]

1. e4 {Hansen,Cu} c5 2. Nf3 d6 3. d4 cxd4 4. Nxd4 Nf6 5. Nc3 e6 6. g4 Nc6 7. g5
Nd7 8. Rg1 Be7 9. Be3 O-O 10. Qh5 Re8 (10... g6 {Hansen,Cu} 11. Qh6 Nde5 12.
O-O-O f6 $13 13. gxf6 Bxf6 14. Nxc6 (14. Be2 $2 Bg7 15. Qh3 Nxd4 16. Bxd4 Nf3
17. Bxf3 e5 $17 {Kengis-Cvitan Biel 1990}) 14... bxc6 15. Be2 Nf7 $2 16. Rxg6+
Kh8 17. Qh5 $18 {Kengis-Murugan Gausdal 1991}) 11. O-O-O a6 12. f4 (12. Rg3
Nxd4 13. Bxd4 b5 14. Kb1 e5 15. Be3 g6 16. Qh6 Bf8 17. Qh4 Bb7 18. Rh3 h5 19.
Be2 $40 {Santo Roman,M-Bischoff,K Uzes FRA-FRG (03) 1990}) 12... Bf8 (12... g6
{Hansen,Cu} 13. Qh4 (13. Qh6 Bf8 14. Qh4 Bg7 15. Rg3 Nf8 $14 {
Ivanovic-Mascarinas izt 1990}) 13... Bf8 14. Qf2 Nxd4 15. Bxd4 b5 16. f5 $13 {
Espig-Adamski 1970}) 13. Rg3 g6 14. Qh4 h5 (14... Bg7 {Hansen,Cu}) 15. Be2 Bg7
16. Nxc6 bxc6 17. Rxd6 Bxc3 18. bxc3 Qa5 19. Kd2 (19. Bxh5 $2 Qa3+ 20. Kd2
Qxd6+ $19) 19... Nc5 20. Bxc5 $8 Qxc5 21. e5 Kg7 22. Re3 (22. Bxh5 Rh8) 22...
Qa5 (22... Bb7 $5 {/\Rd8}) 23. Bc4 c5 24. Qg3 Ra7 25. Qf3 Bb7 26. Qf1 Raa8 27.
f5 $1 gxf5 (27... exf5 28. Bxf7 (28. Rd7 $18 {Hansen,Cu}) 28... Kxf7 (28...
Red8 29. Bxg6 Rxd6+ 30. exd6 Kxg6 (30... Rd8 31. Re7+ Kg8 (31... Kxg6 32. Re6+
Kg7 33. Qxf5 $18) 32. Bh7+ Kh8 33. Qf4 $18) 31. Re6+ Kg7 (31... Kxg5 32. Qg1+
Kf4 33. Qg3#) 32. Qxf5 $18) 29. Qc4+ Kg7 30. Rd7+ Kh8 31. Qf7 $18) 28. g6 Qc7 (
28... Kxg6 29. Rg3+ Kh7 30. Qe2 (30. Rd7 $18 {Hansen,Cu}) 30... Kh6 31. Qe3+
Kh7 32. Qg5 $18) (28... fxg6 29. Bxe6 (29. Rd7+ $18 {Hansen,Cu}) 29... Rad8 30.
Bd7 $1 Re7 31. Rxg6+ $3 Kxg6 32. Rg3+ Kh6 33. Qf4+ Kh7 34. Qxf5+ Kh8 35. Qf6+
$18) 29. gxf7 Qxf7 30. Rg3+ Kh7 31. Rg5 Rad8 32. Be2 Rxd6+ 33. exd6 Rg8 34.
Rxh5+ Kg7 35. Qg1+ {Boensch} (35. Qg1+ Kf8 (35... Kf6 36. Rh6+ Rg6 (36... Ke5
37. Qxc5+ $18) 37. Rxg6+ Qxg6 38. Qxg6+ Kxg6 39. d7 $18) 36. Qxc5 Qd7 37. Qe5
$18) 1-0

[Event "Madrid"]
[Site "Madrid"]
[Date "1993.??.??"]
[Round "9"]
[White "Anand, Viswanathan"]
[Black "Polgar, Judit"]
[Result "1-0"]
[WhiteElo "2710"]
[BlackElo "2595"]
[Annotator "Boensch,U"]
[PlyCount "101"]
[EventDate "1993.06.??"]
[EventType "tourn"]
[EventRounds "9"]
[EventCountry "ESP"]
[EventCategory "14"]
[SourceTitle "CBM 036"]
[Source "ChessBase"]
[SourceDate "1993.10.01"]
[SourceVersion "1"]
[SourceVersionDate "1993.10.01"]
[SourceQuality "1"]

1. e4 c5 2. Nf3 d6 3. d4 cxd4 4. Nxd4 Nf6 5. Nc3 e6 6. g4 h6 7. h4 a6 8. Bg2
Nc6 9. g5 hxg5 10. hxg5 Rxh1+ 11. Bxh1 Nd7 12. f4 Qb6 13. Nde2 g6 14. b3 Qc5 (
14... Rb8 15. Bb2 Qc7 16. Qd2 b5 17. O-O-O Nb6 18. a3 Bd7 19. Bg2 b4 20. axb4
Nxb4 21. Rh1 a5 22. Rh8 Qc5 23. Qd4 Qxd4 24. Nxd4 $16 {Georgiev,Ki-Suba,M
Budapest zt-A 1993 1-0 37}) (14... Qc7 15. Bb2 b5 16. Qd2 Rb8 (16... Bb7 17.
Nd1 O-O-O 18. Ne3 Be7 19. O-O-O Nb6 20. Kb1 Kb8 21. Nc1 d5 $13 {Gruenfeld,
Y-Bischoff,K Muenchen zt 1987 1-0 36}) 17. Bg2 a5 18. Nd1 a4 19. Ne3 b4 20.
O-O-O $16 {Watson,W-Suba,M Kuala Lumpur op (06) 1992 0-1 56}) 15. Qd2 b5 16.
Bb2 Bb7 17. O-O-O O-O-O 18. Kb1 Qf2 19. a4 $5 (19. Re1 Be7 20. Nd1 Qc5 21. Ne3
$14 {Short,N-Kindermann,S Dortmund 1986 1-0 41}) 19... Qb6 (19... b4 20. Na2 e5
$13) 20. axb5 axb5 21. Nc1 Nc5 22. Qh2 b4 23. N3a2 Kb8 24. Qh7 Qc7 25. f5 Rc8
26. Rd2 (26. fxg6 $6 fxg6 27. Qxg6 $2 Ne5 28. Qh5 (28. Bxe5 Nxb3 29. Nxb4 (29.
cxb3 Qc2+ 30. Ka1 Qxd1 $19) 29... dxe5 $17) 28... Nxe4 $17) 26... Ne5 (26...
gxf5 $2 27. exf5 d5 28. g6 fxg6 29. fxg6 $18) 27. Nxb4 Qb6 28. Rd4 (28. Nca2 $2
Nxe4 $17) 28... Be7 $1 29. f6 Bd8 $44 30. Nba2 Qa6 31. Bg2 Bc7 32. Qh1 Nc6 33.
Rc4 Qb6 34. Rc3 Nd7 35. Rh3 Qc5 36. Nd3 Qxg5 37. Rh7 Nd8 (37... Nxf6 38. Rxf7
Ng4 $13 (38... e5 $2 39. Bc1 $18)) 38. Nab4 Ba5 (38... Nxf6 $2 39. Bxf6 Qxf6
40. e5 dxe5 (40... Bxg2 41. Qxg2 dxe5 42. Nc5 $18) 41. Bxb7 Nxb7 42. Nc6+ Ka8
43. Rh4 $18) 39. Rh2 Ne5 (39... Nxf6 $2 40. e5 Bxg2 (40... Nd5 41. Nxd5 exd5
42. exd6 $16) 41. Rxg2 $18) 40. Nxe5 dxe5 41. Nd3 Rxc2 (41... Bc7 42. Nc5 $16)
42. Bxe5+ Ka8 43. Kxc2 Qd2+ 44. Kb1 Qxd3+ 45. Ka2 Qc2+ $2 (45... Nc6 $1 $13)
46. Bb2 Nc6 47. e5 $1 $18 Qc5 48. Rh8+ Ka7 49. Bxc6 Bxc6 50. Qc1 Qb6 51. Qc4 (
51. Qc4 Bd5 52. Bd4 (52. Qa4 $18) 52... Bxc4 53. Bxb6+ Kxb6 54. bxc4 Bc3 55.
Rf8 $18) 1-0

[Event "Dortmund SuperGM 24th"]
[Site "Dortmund"]
[Date "1996.07.07"]
[Round "3"]
[White "Shirov, Alexei"]
[Black "Polgar, Judit"]
[Result "1/2-1/2"]
[WhiteElo "2685"]
[BlackElo "2665"]
[Annotator "Boensch,U"]
[PlyCount "112"]
[EventDate "1996.07.05"]
[EventType "tourn"]
[EventRounds "9"]
[EventCountry "GER"]
[EventCategory "18"]
[SourceTitle "CBM 054"]
[Source "ChessBase"]
[SourceDate "1996.10.01"]
[SourceVersion "1"]
[SourceVersionDate "1996.10.01"]
[SourceQuality "1"]

1. e4 {Hecht} c5 2. Nf3 d6 3. d4 cxd4 4. Nxd4 Nf6 5. Nc3 a6 6. Be3 e6 7. g4 e5
8. Nf5 g6 9. g5 (9. Bg2 $5 gxf5 (9... d5 $5 10. Bg5 gxf5 11. Nxd5 Be7 12. Bxf6
Bxf6 13. exf5 h5 14. h3 Bd7 15. Qe2 hxg4 16. hxg4 Rxh1+ 17. Bxh1 Bc6 $13 {
Tolnai,T-Gavrikov,V Berlin 1989 1/2 19}) 10. exf5 h6 11. Qe2 Nc6 12. O-O-O Rg8
13. h3 Qa5 14. f4 Bd7 15. a3 O-O-O 16. Qf2 $1 $36 {Nikolenko,O-Vorobiov,E
Moscow-ch op(07) 1995 1-0 28}) 9... gxf5 10. exf5 (10. gxf6 $6 f4 11. Bc4 Be6
12. Bxe6 fxe6 13. Qh5+ Kd7 14. Qf7+ Kc6 15. Bd2 Qd7 16. Qh5 b5 17. a4 b4 18.
Ne2 a5 $15 {Ljubojevic,L-Polugaevsky,L Roquebrune 1992}) 10... d5 11. gxf6 (11.
Qf3 d4 (11... Bb4 $2 12. gxf6 d4 13. O-O-O Qa5 14. Bxd4 Nc6 15. Qe3 Nxd4 16.
Rxd4 Bxc3 17. bxc3 Bxf5 18. Bc4 $16) (11... Bd7 12. O-O-O Bc6 13. Qe2 Bb4 14.
Bd4 Ne4 15. Bxe5 Bxc3 16. Bxc3 Qxg5+ 17. Kb1 Rg8 $2 (17... O-O $3 $19) 18. f3
Nd7 19. fxe4 dxe4 20. h4 $14 {Timman,J-Portisch,L Reykjavik 1987 1-0 39}) 12.
O-O-O Nbd7 13. gxf6 (13. Bd2 Qc7 14. Bd3 Nc5 15. Bc4 dxc3 16. Bxc3 Nfe4 17.
Rhe1 Nxc3 18. Qxc3 Bg7 19. f6 O-O 20. Rxe5 Be6 $17 {WEdberg,T-Novikov,I
Copenhagen op (07) 1991 0-1 34}) 13... dxc3 14. Bc4 Qxf6 15. Rhg1 $1 $44 {
Badzarani - Rybincev, URS 1989}) 11... d4 12. Bc4 Qc7 (12... Qxf6 13. Nd5 (13.
Ne4 Qxf5 14. Bd3 Qe6 15. Bg5 Nd7 16. Qh5 b6 17. f4 Bb7 18. f5 Qd5 $17 {1-0
Kotronias,V-Thorhallsson,T/Gausdal Int (06)/1994/ (32)}) 13... Qc6 14. Bxd4
Bb4+ (14... Qxc4 $2 15. Nf6+ Ke7 16. Bxe5) (14... exd4 $2 15. Qxd4) 15. c3 Qxc4
16. Be3 Be7 (16... Ba5 17. Nf6+ $10 {1-0 Shirov,A-Gelfand,B/Wijk (09) ;CBM 51
1996 (42)}) 17. Nb6 Qc6 18. Rg1 Nd7 19. Nxa8 b5 20. Qd5 Qb7 21. O-O-O Bd8 22.
f6 Qxd5 23. Rxd5 Bb7 24. Rd6 Bxa8 25. Rgd1 Bf3 26. Rxd7 Bxd1 27. Rxd1 $18 {
Thorhallsson,T-Arnason,J Reykjavik 1992}) 13. Qd3 dxe3 (13... Bb4 14. O-O-O
Bxc3 15. Bh6 Bb4 16. f4 Nc6 17. fxe5 Qxe5 18. Bxf7+ Kxf7 19. Qb3+ $13 {1-0
Tseitlin,MD-Bosboom,M/Groningen op ;EXP 50 1995 (46)}) (13... dxc3 14. O-O-O
Nc6 15. Rhe1 cxb2+ (15... Bb4 $13) 16. Kb1 Bb4 17. c3 Ba3 18. Bf4 Qd7 $1 19.
Bd5 Qxd5 $1 20. Qxd5 Bxf5+ 21. Rd3 O-O $1 $10 {Sigurjonsson - Olafsson,H,
Island 1984.} (21... O-O 22. Bh6 Rfd8 23. Rg1+ Kh8 24. Bg7+ Kg8 25. Bh6+ Kh8
26. Bg7+ Kg8 27. Bh6+ {1/2-1/2 Sigurjonsson,G-Olafsson,H/Neskaupsstadur/1984/})
) 14. O-O-O exf2 $146 (14... Nc6 15. Nd5 Qa5 16. f4 Bh6 17. Kb1 b5 18. fxe5 e2
19. Qxe2 Bb7 20. Bb3 $18 {1-0 Gallagher,J-Shneider,A/Bern op (09) ;EXP 46 1995
(26)}) 15. Bxf7+ $5 Kxf7 16. Qd5+ {Die folgenden Verwicklungen sind kaum
auszurechnen. Wer viel Zeit und Lust hat kann nach} Ke8 {auch} (16... Kxf6 {
kommt in Betracht} 17. Ne4+ {oder} (17. Qf3) 17... Kxf5 {mit der Analysearbeit
beginnen.} (17... Kg7 $4 18. Rhg1+ fxg1=Q 19. Rxg1+ Kh6 20. Qd2+ Kh5 21. Qg5#))
17. f7+ Ke7 18. Qf3 Bh6+ 19. Kb1 Kf8 20. Qxf2 Nd7 21. Ne4 Bg7 22. Rhg1 Nf6 23.
Qg3 Qxf7 (23... Nh5 24. Qa3+ Kxf7 (24... Qe7 $4 25. Rd8+ Kxf7 26. Qb3+ $18) 25.
Nd6+ Kf6 (25... Kg8 26. Ne8 Qxc2+ 27. Kxc2 Bxf5+ $13) 26. Qh3 $18) 24. Qa3+ Qe7
(24... Kg8 25. Rd8+ Ne8 26. Nd6 $18) 25. Qxe7+ Kxe7 26. Rxg7+ Kf8 27. Rc7 Ne8
28. Rd8 Rg8 29. Ng3 Rg4 30. Rxh7 Rd4 31. Rh8+ Kf7 32. Rhxe8 Bd7 33. Kc1 Bxe8
34. Rxa8 $14 Rh4 35. Rd8 Rxh2 36. Rd5 (36. Rd2 Rxd2 37. Kxd2 Bc6 38. Ke3 Kf6
39. c4 Kg5 40. b4 b6 $10) 36... Kf6 37. Rd6+ Kg5 38. Re6 Rh8 39. f6 Bc6 40.
Rxe5+ Kxf6 41. Re3 Re8 42. Kd2 Rxe3 43. Kxe3 Ke5 44. Ne2 Kd5 45. Nd4 Be8 46.
Kd3 Bg6+ 47. Kc3 Kc5 48. Ne6+ Kd6 49. Nf4 Bf5 50. Nd3 Kd5 51. Kb4 $2 Bxd3 $1
$10 52. cxd3 {Hecht: 2-2 B am D-Flügel, einfache Tempofrage, Zugzwangmotive in
der Variante} Kd4 53. Ka5 Kxd3 54. Kb6 Kc2 55. a4 (55. Kxb7 a5 (55... Kxb2 $4
56. a4 Kb3 57. a5 $18) 56. Kb6 a4 $10) 55... Kb3 56. a5 Ka4 (56... Kb4 $4 57.
b3 Kxb3 58. Kxb7 $18) (56... Ka4 57. b3+ Kb4 $10) 1/2-1/2

[Event "Hoogovens op"]
[Site "Wijk aan Zee"]
[Date "1995.01.??"]
[Round "6"]
[White "Nijboer, Friso"]
[Black "Van Wely, Loek"]
[Result "1-0"]
[WhiteElo "2510"]
[BlackElo "2575"]
[Annotator "Boensch,U"]
[PlyCount "55"]
[EventDate "1995.01.??"]
[EventType "swiss"]
[EventRounds "12"]
[EventCountry "NED"]
[SourceTitle "CBM 046"]
[Source "ChessBase"]
[SourceDate "1995.06.01"]
[SourceVersion "1"]
[SourceVersionDate "1995.06.01"]
[SourceQuality "1"]

1. e4 c5 2. Nf3 e6 3. d4 cxd4 4. Nxd4 Nf6 5. Nc3 d6 6. g4 Nc6 7. g5 Nd7 8. Be3
Be7 9. Rg1 (9. h4 O-O 10. Qd2 Nde5 (10... a6 11. O-O-O Nxd4 12. Qxd4 b5 13. Kb1
Bb7 (13... Rb8 14. f4 b4 15. Ne2 Qa5 16. Ng3 Nc5 17. Nh5 e5 18. fxe5 Be6 19. b3
d5 20. exd5 Bxd5 21. e6 Bf6 22. Nxf6+ gxf6 23. Qxd5 Rbd8 24. e7 {1-0 Wahls,
M-Paschall,W/New York op (01) 1994}) 14. h5 Bxg5 15. Rg1 Bf6 16. Qxd6 Ne5 17.
f4 Qxd6 18. Rxd6 $16 {Feher,G-Zetocha,C Harkany op (05) 1994 1-0 57 -CBM 46})
11. Be2 Na5 12. O-O-O Bd7 13. f4 (13. Nb3 Nac4 14. Bxc4 Nxc4 15. Qd4 b5 16. Nd2
Nxe3 17. fxe3 Qc7 18. Nf3 Rfc8 19. h5 Be8 20. h6 Bf8 $17 {Akopian,V-Shabalov,A
Vilnius 1988 0-1 40}) 13... Nac4 14. Bxc4 Nxc4 15. Qe2 Rc8 16. Kb1 Qb6 17. b3
Qa5 18. Rd3 Nxe3 19. Qxe3 Rc5 $15 {Nikolenko,O-Markowski,T POL-chT Lubniewice 
(10) 1994 0-1 35 - CBM 46}) 9... a6 (9... Nb6 $5 {- ECO B81/22}) 10. Rg3 {
Erst Rg3 und dann Bg2, g5 bleibt gedeckt und der R kann auf der dritten Reihe
schwenken.} Qc7 11. Qe2 Nc5 12. Nxc6 Qxc6 (12... bxc6 {<=> b <->}) 13. Bg2 b5
14. O-O-O (14. e5 d5 $15) 14... Rb8 $2 (14... b4 $4 15. e5 d5 16. Nxd5 exd5 17.
Bxd5 $18) (14... Bb7 15. e5 (15. f4 b4 16. e5 d5 17. Nxd5 exd5 18. Rxd5 $13)
15... d5 $10) 15. Bd4 $1 $16 Kf8 {Originell gespielt, der Rh8 verteidigt h7,
aber er fehlt für den Rest der Partie.} (15... O-O 16. Bf6 Bd8 17. e5 d5 18.
Qh5 $18) 16. Qh5 Kg8 (16... b4 17. e5 d5 18. Ne2 $16) 17. Bf6 Bf8 18. e5 d5 19.
Ne2 b4 20. Nd4 Qc7 21. f4 Ne4 22. Bxe4 dxe4 23. Qe2 Bc5 $2 (23... Bb7 24. f5
Bd5 25. Kb1 $16) 24. Nc6 $1 Qxc6 25. Rd8+ Bf8 26. Be7 h6 27. Rxf8+ Kh7 28. Rxf7
(28. Rxf7 Kg6 (28... Kg8 29. Rf8+ Kh7 30. g6#) (28... Rg8 29. Qh5 Kh8 30. Qxh6+
gxh6 31. Bf6+ Rg7 32. Rf8+ Kh7 33. g6+ Rxg6 34. Rh8#) 29. Rf6+ gxf6 (29... Kh7
30. g6+ Kg8 31. Rf8#) 30. gxf6+ Kf7 31. Qh5#) 1-0

[Event "Haifa"]
[Site "Haifa"]
[Date "1995.??.??"]
[Round "7"]
[White "Gruenfeld, Yehuda"]
[Black "Akopian, Vladimir Eduardovic"]
[Result "0-1"]
[WhiteElo "2505"]
[BlackElo "2655"]
[Annotator "Boensch,U"]
[PlyCount "68"]
[EventDate "1995.01.??"]
[EventType "tourn"]
[EventRounds "11"]
[EventCountry "ISR"]
[EventCategory "14"]
[SourceTitle "CBM 046"]
[Source "ChessBase"]
[SourceDate "1995.06.01"]
[SourceVersion "1"]
[SourceVersionDate "1995.06.01"]
[SourceQuality "1"]

1. e4 c5 2. Nf3 d6 3. d4 cxd4 4. Nxd4 Nf6 5. Nc3 e6 6. g4 h6 7. h4 Nc6 8. g5
hxg5 9. Bxg5 Qb6 {Erst wird der Zentral-Nd4 aus seiner starken Stellung
vertrieben, dann geht die Q nach c7.} 10. Nb3 a6 11. Qd2 Bd7 12. O-O-O Qc7 13.
Be2 b5 (13... Be7 14. h5 O-O-O 15. Qf4 e5 16. Qf3 Bg4 17. Qxf6 $1 gxf6 18.
Bxg4+ Kb8 19. Nd5 fxg5 20. Nxc7 Kxc7 $16 {Tisdall,J-Jansa,V Oslo 1988 1-0 41})
14. Rhe1 Be7 15. Kb1 $2 {Opfert eine Figur, doch auch nach 15.f4, wie in
Gipslis-Shipov, schlägt der Angriff nicht durch.} (15. f4 $2 b4 16. Nd5 exd5
17. exd5 Na5 18. Nd4 Kf8 19. Bf3 Ng8 20. h5 Bf6 $17 {Gipslis,A-Shipov,S Minsk
1993 0-1 40}) (15. a3 $5) 15... b4 16. Nd5 {Weiß spielte auf dieses
Figurenopfer, denn jetzt hat er keine Wahl mehr.} (16. Na4 Nxe4 $19) 16... exd5
17. exd5 Na5 $1 {Droht den Nb3 abzutauschen, Rückzüge behindern Schwarz nur
und nach Ne5 ist f4 unangenehm.} 18. Nd4 Kd8 (18... Kf8 $5) 19. Qf4 Kc8 (19...
Nxd5 $4 20. Qxf7 $18) 20. Bf3 (20. Bxa6+ $2 Rxa6 21. Rxe7 Nxd5 $19) 20... Bd8
21. b3 Ra7 (21... Nb7 22. Nc6 Nxd5 23. Bxd5 Bxc6 24. Bxc6 Qxc6 25. Qxf7 Qc7 $19
) 22. Re3 Qc5 23. c4 Rc7 $6 (23... bxc3 24. Rc1 Nxd5 25. Bxd5 Qxd5 26. Rexc3+
Rc7 27. Bxd8 Rxc3 28. Rxc3+ Kxd8 $19) 24. Rd2 Nb7 25. Nc6 Rxc6 (25... Bxc6 26.
dxc6 Na5 $2 27. Bxf6 Bxf6 28. Rd5 $13) 26. dxc6 Bxc6 27. Bxc6 Qxc6 28. Rd1 a5
29. f3 Re8 30. Red3 (30. Rxe8 Qxe8 31. Qf5+ Qe6 32. Qb5 $19 {Gegen den besten
Freund des K, den Nb7 ist kein Dauerschach zu erreichen.}) 30... Re6 31. Qd2
Be7 32. Qg2 g6 33. Qf2 Nc5 {Alle vorher schlecht postierten Figuren haben
jetzt Idealstellung erreicht, deshalb "technisches KO" nach dem nächsten Zug.}
34. Rd4 a4 0-1